000 01443nam a2200229 a 4500
008 081127s2002 ||||||||||||||||| || u
020 _a0618113606
050 _aHD 31 Gri
100 _aGriffin, Ricky W
245 1 0 _aManagement. --7th ed.
_cRicky W. Griffin
250 _a7th ed.
260 _aBoston
_bHoughton Mifflin
_c2002
300 _axxxiv, 765p: ill.
350 _a0.00
650 0 _aMANAGEMENT
995 _aANNEX COLLECTION (Main Library)
_D0.00
_e738933
_FCBU-MAIN LIBRARY (Kitwe)
_H1
_I0.00
_jHD 31 GRI
_M1
_UAVAILABLE
_WNov 27, 2008
_y738933
_ZAnnex Low-Usage Collection
995 _aANNEX COLLECTION (Main Library)
_D0.00
_e738938
_FCBU-MAIN LIBRARY (Kitwe)
_H1
_I0.00
_jHD 31 GRI
_M6
_UAVAILABLE
_WNov 27, 2008
_y738938
_ZAnnex Low-Usage Collection
995 _aMAIN LIBRARY OPEN ACCESS
_D0.00
_e738934
_FCBU-MAIN LIBRARY (Kitwe)
_H1
_I0.00
_jHD 31 GRI
_M2
_UAVAILABLE
_WNov 27, 2008
_y738934
_ZMain Library Open Access Collection
995 _aANNEX COLLECTION (Main Library)
_D0.00
_e738935
_FCBU-MAIN LIBRARY (Kitwe)
_H1
_I0.00
_jHD 31 GRI
_M3
_UAVAILABLE
_WNov 27, 2008
_y738935
_ZAnnex Low-Usage Collection
995 _aANNEX COLLECTION (Main Library)
_D0.00
_e738936
_FCBU-MAIN LIBRARY (Kitwe)
_H1
_I0.00
_jHD 31 GRI
_M4
_UAVAILABLE
_WNov 27, 2008
_y738936
_ZAnnex Low-Usage Collection
995 _aMAIN LIBRARY OPEN ACCESS
_D0.00
_e738937
_FCBU-MAIN LIBRARY (Kitwe)
_H1
_I0.00
_jHD 31 GRI
_M5
_UAVAILABLE
_WNov 27, 2008
_y738937
_ZMain Library Open Access Collection
999 _c82377
_d82377